01013nam a2200253 a 450000100060000000300080000600500170001400800410003103500190007204000270009104100080011808200290012610000360015524500950019126000270028630000260031350400410033965000590038065100690043965100780050894200120058699900170059895201440061559672BD-RjUL20211209080745.0161226s1962 enk b 000 0 eng  a(BD-RjUL)59796 aDLCcDLCdBD-RjULbeng aeng 223a330.941063bASF 19621 aAshley, Maurice,d1907-917757510aFinancial and commercial policy under the Cromwellian protectorate /c[by] Maurice Ashley. aLondon,bF. Cassc1962 axiv, 190 p. ;c23 cm. aIncludes bibliographical references. 0aFinancezGreat BritainxHistoryy17th century.9177576 0aGreat BritainxCommercial policyxHistoryy17th century.9177577 0aGreat BritainxHistoryyCommonwealth and Protectorate, 1649-1660.9177578 2ddccBK c59672d59672 00102ddc40718NFICaRUCLbRUCLcReadingd1968-06-08eZeitlingerg42.00l0o330.941063 ASF 1962r2016-12-26 00:00:00tC-1w2016-12-26yBK